Central Library OPAC University of Rajshahi

A hundred years of psychology, 1833-1933 : (Record no. 29815)

MARC details
000 -LEADER
fixed length control field 00785cam a22002651 4500
001 - CONTROL NUMBER
control field 29815
003 - CONTROL NUMBER IDENTIFIER
rucl marc code BD-RjUL
005 - DATE AND TIME OF LATEST TRANSACTION
control field 20211209051450.0
008 - FIXED-LENGTH DATA ELEMENTS--GENERAL INFORMATION
fixed length control field 140407r19591951enk 001 0 eng
035 ## - SYSTEM CONTROL NUMBER
System control number (BD-RjUL)29900
040 ## - CATALOGING SOURCE
Original cataloging agency DLC
Transcribing agency DLC
Modifying agency BD-RjUL
Language of cataloging eng
041 ## - LANGUAGE CODE
Language code of text/sound track or separate title eng
082 00 - DEWEY DECIMAL CLASSIFICATION NUMBER
Classification number 150.9
Author mark and year FLH 1959
100 1# - MAIN ENTRY--PERSONAL NAME
Personal name Flugel, J. C.
Fuller form of name (John Carl),
Dates associated with a name 1884-1955.
9 (RLIN) 4162
245 12 - TITLE STATEMENT
Title A hundred years of psychology, 1833-1933 :
Remainder of title with additional part on developments 1933-1947 /
250 ## - EDITION STATEMENT
Edition statement 2d ed.
260 ## - PUBLICATION, DISTRIBUTION, ETC. (IMPRINT)
Place of publication, distribution, etc. London :
Name of publisher, distributor, etc. Duckworth,
Date of publication, distribution, etc. 1951 [Reprinted 1959].
300 ## - PHYSICAL DESCRIPTION
Pagination 424 p. ;
Size 23 cm.
504 ## - BIBLIOGRAPHY, ETC. NOTE
Bibliography, etc Includes index.
650 #0 - SUBJECT ADDED ENTRY--TOPICAL TERM
Topical term or geographic name as entry element Psychology
General subdivision History.
9 (RLIN) 5500
942 ## - ADDED ENTRY ELEMENTS (KOHA)
Source of classification or shelving scheme Dewey Decimal Classification
Koha item type Books
Holdings
Lost status Source of classification or shelving scheme Damaged status Not for loan Collection code Permanent Location Current Location Shelving location Date acquired Source of acquisition Cost, normal purchase price Total Checkouts Full call number Date last seen Copy number Koha item type
  Dewey Decimal Classification     Non-fiction Central Library, University of Rajshahi Central Library, University of Rajshahi   21/01/1965 Zeitlinger 25.00   150.9 FLH 1959 07/04/2014 C-10 Books
  Dewey Decimal Classification     Non-fiction Central Library, University of Rajshahi Central Library, University of Rajshahi   15/02/1963 Zetlinger 25.00   150.9 FLH 1959 08/04/2014 C-8 Books
  Dewey Decimal Classification     Non-fiction Central Library, University of Rajshahi Central Library, University of Rajshahi   15/02/1963 Zetlinger 25.00   150.9 FLH 1959 08/04/2014 C-9 Books
  Dewey Decimal Classification     Non-fiction Central Library, University of Rajshahi Central Library, University of Rajshahi   13/03/1963 Zetlinger 25.00   150.9 FLH 1959 08/04/2014 C-7 Books
  Dewey Decimal Classification     Non-fiction Central Library, University of Rajshahi Central Library, University of Rajshahi   01/06/1955 Pub. United Ltd. 11.00   150.9 FLH 1953 08/04/2014 C-2 Books
  Dewey Decimal Classification     Non-fiction Central Library, University of Rajshahi Central Library, University of Rajshahi   12/02/1963 Zeitlinger 11.00   150.9 FLH 1959 08/04/2014 C-7 Books
  Dewey Decimal Classification     Non-fiction Central Library, University of Rajshahi Central Library, University of Rajshahi   21/01/1965 Zeitlinger. 25.00   150.9 FLH 1959 08/04/2014 C-6 Books
  Dewey Decimal Classification     Non-fiction Central Library, University of Rajshahi Central Library, University of Rajshahi   15/02/1963 Zeitlinger 25.00   150.9 FLH 1959 27/04/2014 C-5 Books
  Dewey Decimal Classification     Non-fiction Central Library, University of Rajshahi Central Library, University of Rajshahi   12/02/1963 Zeitlinger 0.00   150.9 FLH 1959 10/06/2014 C-3 Books